000 00391nam a2200145Ia 4500
005 20250318043058.0
008 240331s9999 xx 000 0 und d
082 _bKES
_a894
100 _aKesavan, K
245 0 _aPuranach charpuk kathaippadalkalil aan penn uravu
260 _aThiruchi
_bPuthumai Pathippagam
_c1987
300 _a80 p .,
500 _aGender Related Story Book
942 _cL
999 _c4039
_d4039